Beauty and the Beast (Record no. 11734)
[ view plain ]
| 000 -LEADER | |
|---|---|
| fixed length control field | 00243nam a22000977a 4500 |
| 008 - FIXED-LENGTH DATA ELEMENTS--GENERAL INFORMATION | |
| fixed length control field | 200113b ||||| |||| 00| 0 eng d |
| 020 ## - INTERNATIONAL STANDARD BOOK NUMBER | |
| International Standard Book Number | 7807300399 |
| 100 ## - MAIN ENTRY--PERSONAL NAME | |
| Personal name | Mills |
| 9 (RLIN) | 7307 |
| 245 ## - TITLE STATEMENT | |
| Title | Beauty and the Beast |
| 260 ## - PUBLICATION, DISTRIBUTION, ETC. (IMPRINT) | |
| Place of publication, distribution, etc. | New York |
| Name of publisher, distributor, etc. | Scholastic |
| Date of publication, distribution, etc. | 2003 |
| Withdrawn status | Lost status | Source of classification or shelving scheme | Damaged status | Koha normalized classification for sorting | Not for loan | Home library | Current library | Shelving location | Date acquired | Total Checkouts | Full call number | Barcode | Date last seen | Date last checked out | Price effective from | Koha item type |
|---|---|---|---|---|---|---|---|---|---|---|---|---|---|---|---|---|
| Dewey Decimal Classification | 823_000000000000000_JUNLIB | Good Samaritan School Library | Good Samaritan School Library | FICTION | 01/13/2020 | 1 | 823 JUNLIB | MIL15785 | 09/02/2024 | 08/28/2024 | 01/13/2020 | BOOK |